000 00738nam a22002417a 4500
999 _c13053
_d13053
003 MIRAKIL
005 20190325171726.0
008 190325b tu ||||| |||| 00| 0 tur d
020 _a9789753434973
040 _aTR-AnCHP
_cTR-AnCHP
041 _atur
082 _a956.622
_bU48t 2007
100 _aUluğ, Naşit Hakkı
245 1 0 _aTunceli medeniyete açılıyor /
_cNaşit Hakkı Uluğ.
260 _aİstanbul :
_bKaynak Yayınları ,
_c2007.
300 _a240 s. :
_bfotğ.;
_c19 sm.
490 0 _aKaynak Yayınları ;
_aCumhuriyetin gözüyle Kürt meselesi ;
_v488.
_x2.
650 0 _95116
_aKürtler
_xTarih
_zTürkiye
651 0 _95566
_aTunceli , Türkiye
_xTarih
942 _2ddc
_cBKS
999 _d13053
999 _d13052